00843nab a22001817a 4500003000400000005001700004008004100021040000700062100003600069245014900105260007300254300001300327500004400340505009000384650002200474650002600496773013900522OSt20251020130316.0190604e xxu||||| |||| 00| 0 spa d cPJ aMastronardi, María del Carmen10aBreve comentario al decreto 972/2024 de propiedad intelectual :brégimen jurídico de las obras inéditas /cMaría del Carmen Mastronardi. aCiudad Autónoma de Buenos Aires :bThomson Reuters La Ley, c2025. ap. 31-33 aCita Online: TR LALEY AR/DOC/488/2025.  t¿Te interesa el texto completo? Solicitalo al correo: koha@justierradelfuego.gov.ar  0aDERECHOS DE AUTOR 0aPROPIEDAD INTELECTUAL0 02714dCiudad Autónoma de Buenos Aires : Thomson Reuters La Ley, 2014-tRevista anales de legislación argentina. Nº 4 - Mayo 2025.